000 00609nam a2200229Ia 4500
003 OSt
005 20220928121856.0
006 a|||||r|||| 00| 0
007 ta
008 220927b |||||||| |||| 00| 0 eng d
024 _a41189
037 _cTextual
040 _aSDCL
_cSDCL
_beng
041 _2eng
_aeng
082 _aS1:52, L9
100 _aSaul Leon J
_9454628
245 0 _aChildhood emotional pattern in marriage.
260 _aNew York
_b Van Nostrand Reinhold
_c1979
300 _axiii,452p.
_ccm.
942 _hS1:52, L9
_cTEXL
_2CC
999 _c768350
_d768350